| 000 | 00497nam a2200181 a 4500 | ||
|---|---|---|---|
| 001 | 2433 | ||
| 003 | CDMR | ||
| 005 | 20131024111452.0 | ||
| 008 | 130130s1983||||||||||||||||||||||||||||d | ||
| 020 | _a8450091918 | ||
| 040 |
_aCDMR _bcat _cCDMR |
||
| 100 | 1 |
_aBensoussan, David _91590 |
|
| 245 | 1 | 4 |
_aLas antenas _cD. Bensoussan |
| 260 |
_aMadrid _c1983 _bInstituto Oficial de Radio y Televisión |
||
| 650 | 0 | 4 |
_92384 _aRàdio _xTècnica |
| 650 | 0 | 4 |
_94180 _aSistemes de telecomunicació |
| 942 |
_cMON _2udc |
||
| 999 |
_c2433 _d2433 |
||